<?xml version="1.0" encoding="UTF-8"?>
<record
    xmlns:xsi="http://www.w3.org/2001/XMLSchema-instance"
    xsi:schemaLocation="http://www.loc.gov/MARC21/slim http://www.loc.gov/standards/marcxml/schema/MARC21slim.xsd"
    xmlns="http://www.loc.gov/MARC21/slim">

  <leader>00639nam a22001817a 4500</leader>
  <datafield tag="082" ind1=" " ind2=" ">
    <subfield code="a">891.4393</subfield>
    <subfield code="b">HAL</subfield>
  </datafield>
  <datafield tag="100" ind1=" " ind2=" ">
    <subfield code="a">Altaf Hussain Hali</subfield>
  </datafield>
  <datafield tag="245" ind1=" " ind2=" ">
    <subfield code="a">Muqaddama-e-She&#x2019;r-o-Shaairi/</subfield>
  </datafield>
  <datafield tag="260" ind1=" " ind2=" ">
    <subfield code="a">Lahore:</subfield>
    <subfield code="b">Al Hamd Publications,</subfield>
    <subfield code="c">2018</subfield>
  </datafield>
  <datafield tag="300" ind1=" " ind2=" ">
    <subfield code="a">359 p.</subfield>
    <subfield code="c">22cm.</subfield>
  </datafield>
  <datafield tag="563" ind1=" " ind2=" ">
    <subfield code="a">HB.</subfield>
  </datafield>
  <datafield tag="650" ind1=" " ind2=" ">
    <subfield code="a">Urdu Literature - Poetry - Critics.</subfield>
    <subfield code="9">129766</subfield>
  </datafield>
  <datafield tag="700" ind1=" " ind2=" ">
    <subfield code="a">Dr. Waheed Qureeshi / &#x688;&#x627;&#x6A9;&#x691; &#x648;&#x62D;&#x6CC;&#x62F; &#x642;&#x631;&#x6CC;&#x634;&#x6CC;</subfield>
    <subfield code="9">129767</subfield>
  </datafield>
  <datafield tag="880" ind1=" " ind2=" ">
    <subfield code="6">100-01\(3\r</subfield>
    <subfield code="a"> &#x627;&#x644;&#x637;&#x627;&#x641; &#x62D;&#x633;&#x6CC;&#x646; &#x62D;&#x627;&#x644;&#x6CC;</subfield>
  </datafield>
  <datafield tag="880" ind1=" " ind2=" ">
    <subfield code="6">245-02\(03\r</subfield>
    <subfield code="a">&#x645;&#x642;&#x62F;&#x645;&#x6C1; &#x634;&#x639;&#x631;&#x648; &#x634;&#x627;&#x639;&#x631;&#x6CC;</subfield>
  </datafield>
  <datafield tag="880" ind1=" " ind2=" ">
    <subfield code="6">260-03\(03\r</subfield>
    <subfield code="a">&#x644;&#x627;&#x6C1;&#x648;&#x631;: </subfield>
    <subfield code="b">  &#x627;&#x644;&#x62D;&#x645;&#x62F;&#x67E;&#x628;&#x644;&#x6CC;&#x6A9;&#x6CC;&#x634;&#x646;&#x632;</subfield>
    <subfield code="c">2018</subfield>
  </datafield>
  <datafield tag="942" ind1=" " ind2=" ">
    <subfield code="2">ddc</subfield>
    <subfield code="c">BK</subfield>
  </datafield>
  <datafield tag="999" ind1=" " ind2=" ">
    <subfield code="c">614310</subfield>
    <subfield code="d">614310</subfield>
  </datafield>
  <datafield tag="952" ind1=" " ind2=" ">
    <subfield code="0">0</subfield>
    <subfield code="1">0</subfield>
    <subfield code="2">ddc</subfield>
    <subfield code="4">0</subfield>
    <subfield code="6">891_439300000000000_HAL</subfield>
    <subfield code="7">0</subfield>
    <subfield code="9">641573</subfield>
    <subfield code="a">CL</subfield>
    <subfield code="b">CL</subfield>
    <subfield code="c">LIT</subfield>
    <subfield code="d">2025-07-12</subfield>
    <subfield code="l">0</subfield>
    <subfield code="o">891.4393 HAL</subfield>
    <subfield code="p">CL-D-2783</subfield>
    <subfield code="r">2025-07-12</subfield>
    <subfield code="w">2025-07-12</subfield>
    <subfield code="y">BK</subfield>
  </datafield>
</record>
